[Event "53rd World U20 ch"]
[Site "Pune IND"]
[Date "2014.10.14"]
[Round "8.18"]
[White "Navalgund, Niranjan"]
[Black "Narayanan, Srinath"]
[Result "0-1"]
[WhiteElo "2267"]
[BlackElo "2443"]
[EventDate "2014.10.06"]
[PlyCount "88"]

1.d4 Nf6 2.c4 e6 3.g3 c5 4.d5 exd5 5.cxd5 d6 6.Nc3 g6 7.Bg2 Bg7 8.Nf3 O-O 
9.O-O Re8 10.Bf4 Na6 11.Nd2 Nh5 12.Be3 Nc7 13.a4 b6 14.Nc4 Ba6 15.Qb3 Qd7 
16.Na3 Rxe3 17.fxe3 Re8 18.Ncb5 Bxb5 19.Nxb5 Na6 20.e4 Nb4 21.Rf2 a6 22.
Na3 Nf6 23.Raf1 Qe7 24.Nc4 b5 25.axb5 axb5 26.Na3 Rb8 27.Rf4 Rb7 28.Kh1 h5
29.Nc2 Nxc2 30.Qxc2 Qe5 31.b4 c4 32.Qa2 Ne8 33.Qa6 Rc7 34.Qxb5 c3 35.Qa4 
c2 36.Rc1 Bh6 37.Rxc2 Rxc2 38.Qxc2 Bxf4 39.Bh3 Be3 40.Qb1 Nf6 41.b5 Nxe4 
42.Bg2 Nf2+ 43.Kg1 Bb6 44.Bf3 h4 0-1

[Event "53rd World U20 ch"]
[Site "Pune IND"]
[Date "2014.10.14"]
[Round "8.19"]
[White "Van Kampen, Robin"]
[Black "Puranik, Abhimanyu"]
[Result "1-0"]
[WhiteElo "2641"]
[BlackElo "2269"]
[EventDate "2014.10.06"]
[PlyCount "82"]

1.e4 e5 2.Nf3 Nc6 3.Bb5 a6 4.Ba4 Nf6 5.O-O b5 6.Bb3 Bc5 7.c3 d6 8.a4 Rb8 
9.d4 Bb6 10.axb5 axb5 11.Qd3 O-O 12.Bg5 h6 13.Bxf6 Qxf6 14.Qxb5 Ne7 15.
dxe5 Qf4 16.Qe2 dxe5 17.Nbd2 Bg4 18.g3 Qf6 19.Kg2 Rfd8 20.Nc4 Bc5 21.Rfd1 
Nc6 22.Ba4 Rxd1 23.Bxd1 Qe6 24.b3 Rd8 25.Qc2 g5 26.Ng1 f5 27.f3 Bh5 28.
exf5 Qd5 29.Be2 Bxg1 30.Rxg1 g4 31.Rf1 gxf3+ 32.Bxf3 Bxf3+ 33.Rxf3 e4 34.
Re3 Re8 35.g4 h5 36.h3 hxg4 37.hxg4 Kf7 38.Qd2 Ne7 39.Kf2 Qc5 40.Qd4 Qxd4 
41.cxd4 Nd5 1-0

[Event "53rd World U20 ch"]
[Site "Pune IND"]
[Date "2014.10.14"]
[Round "8.20"]
[White "Vidit, Santosh Gujrathi"]
[Black "Blazeka, Matej"]
[Result "1-0"]
[WhiteElo "2635"]
[BlackElo "2311"]
[EventDate "2014.10.06"]
[PlyCount "67"]

1.d4 d5 2.c4 c6 3.Nf3 Nf6 4.Nc3 e6 5.e3 Nbd7 6.Qc2 Bd6 7.Bd3 dxc4 8.Bxc4 
b5 9.Be2 O-O 10.O-O Bb7 11.e4 e5 12.dxe5 Nxe5 13.Nh4 g6 14.f4 Bc5+ 15.Kh1 
Neg4 16.g3 Ne3 17.Bxe3 Bxe3 18.Rad1 Qe7 19.Ng2 Bb6 20.e5 Nd5 21.Ne4 Rad8 
22.Bf3 Ba8 23.Rfe1 Ba5 24.Rf1 Nb4 25.Qb1 c5 26.Nf6+ Kg7 27.Bxa8 Rxd1 28.
Rxd1 Rxa8 29.a3 Nc6 30.Rd7 Qe6 31.Rd6 Qc8 32.Qe4 Nd4 33.Rd7 Qc6 34.Rxd4 
1-0

[Event "53rd World U20 ch"]
[Site "Pune IND"]
[Date "2014.10.14"]
[Round "8.21"]
[White "Duda, Jan-Krzysztof"]
[Black "Harsha, Bharathakoti"]
[Result "1-0"]
[WhiteElo "2599"]
[BlackElo "2296"]
[EventDate "2014.10.06"]
[PlyCount "61"]

1.e4 c5 2.Nf3 e6 3.d4 cxd4 4.Nxd4 a6 5.Nc3 Qc7 6.g3 Bb4 7.Ne2 Nf6 8.Bg2 
O-O 9.Bf4 d6 10.a3 Bxc3+ 11.Nxc3 e5 12.Bg5 Nbd7 13.Qe2 h6 14.h4 b5 15.
O-O-O Bb7 16.Bh3 Rfe8 17.Bf5 Kf8 18.Be3 Nc5 19.f3 Ne6 20.g4 Ng8 21.g5 hxg5
22.hxg5 g6 23.Bg4 Qe7 24.Qd2 Rad8 25.Rh8 Nf4 26.Rdh1 Qxg5 27.Ne2 Nxe2+ 28.
Qxe2 Qf6 29.Qd2 d5 30.Bh6+ Ke7 31.Bg5 1-0

[Event "53rd World U20 ch"]
[Site "Pune IND"]
[Date "2014.10.14"]
[Round "8.22"]
[White "Abasov, Nijat"]
[Black "Gahan, M. G."]
[Result "1-0"]
[WhiteElo "2528"]
[BlackElo "2252"]
[EventDate "2014.10.06"]
[PlyCount "71"]

1.d4 Nf6 2.c4 g6 3.Nc3 d5 4.Nf3 Bg7 5.cxd5 Nxd5 6.Na4 O-O 7.e4 Nb6 8.Be3 
Nxa4 9.Qxa4 c5 10.Rd1 Bd7 11.Qa3 Qb6 12.Rd2 cxd4 13.Nxd4 Rc8 14.Be2 e5 15.
Nf5 Bf8 16.Ne7+ Bxe7 17.Qxe7 Qe6 18.Qh4 Nc6 19.O-O Nd4 20.Bxd4 exd4 21.
Rxd4 Rc2 22.Bd1 Rxb2 23.Bb3 Qe8 24.Rfd1 Be6 25.h3 Bxb3 26.axb3 Kg7 27.Rd6 
Qe5 28.f4 Qc5+ 29.Kh2 Qf2 30.Qf6+ Kh6 31.Qg5+ Kg7 32.f5 Rf8 33.f6+ Kg8 34.
Rd8 Qb6 35.Rxf8+ Kxf8 36.Qc5+ 1-0

[Event "53rd World U20 ch"]
[Site "Pune IND"]
[Date "2014.10.14"]
[Round "8.23"]
[White "Kantans, Toms"]
[Black "Pranav, Shetty"]
[Result "1-0"]
[WhiteElo "2485"]
[BlackElo "2191"]
[EventDate "2014.10.06"]
[PlyCount "89"]

1.c4 Nf6 2.g3 e5 3.Bg2 Nc6 4.Nf3 g6 5.O-O Bg7 6.Nc3 O-O 7.Rb1 a5 8.d3 d6 
9.h3 Re8 10.e4 Nd4 11.Nxd4 exd4 12.Ne2 Nd7 13.b3 Nc5 14.Bb2 f5 15.Nxd4 
fxe4 16.dxe4 Nxe4 17.Re1 Nc5 18.Bd5+ Kh8 19.Rxe8+ Qxe8 20.Nb5 Qe7 21.Qd2 
Bxh3 22.Re1 Qd7 23.Qd4 c6 24.Qh4 Bxb2 25.Re7 Qxe7 26.Qxe7 cxb5 27.Qxd6 Rc8
28.cxb5 Bf5 29.b6 Bg7 30.a3 Bf8 31.Qf6+ Bg7 32.Qe7 Nd7 33.Bxb7 Rb8 34.Bc6 
Bf8 35.Qf7 Ne5 36.Qc7 Nxc6 37.Qxc6 Rc8 38.Qd5 Re8 39.b7 Bxa3 40.b8=Q Rxb8 
41.Qe5+ Kg8 42.Qxb8+ Kg7 43.Qc7+ Kh6 44.Qxa5 Be7 45.b4 1-0

[Event "53rd World U20 ch"]
[Site "Pune IND"]
[Date "2014.10.14"]
[Round "8.24"]
[White "Westerberg, Jonathan"]
[Black "Ritviz, Parab"]
[Result "0-1"]
[WhiteElo "2420"]
[BlackElo "2205"]
[EventDate "2014.10.06"]
[PlyCount "142"]

1.d4 Nf6 2.c4 g6 3.Nc3 Bg7 4.e4 d6 5.f4 O-O 6.Nf3 c5 7.dxc5 Qa5 8.Bd3 Qxc5
9.Qe2 Nfd7 10.Nd5 Nc6 11.Rb1 Qa5+ 12.b4 Qd8 13.Bb2 e6 14.Bxg7 Kxg7 15.Ne3 
a5 16.b5 Nb4 17.a3 Nxd3+ 18.Qxd3 Nc5 19.Qd4+ Qf6 20.Rd1 Qxd4 21.Rxd4 e5 
22.fxe5 dxe5 23.Rd5 Nxe4 24.Rxe5 Nf6 25.O-O Bd7 26.a4 Rfe8 27.c5 Rac8 28.
Rd1 Be6 29.Nd4 Ba2 30.Rxe8 Rxe8 31.Rd3 Ne4 32.c6 bxc6 33.Nxc6 Nc5 34.Ra3 
Bb3 35.Ng4 Bxa4 36.Rc3 Re1+ 37.Kf2 Ne4+ 38.Kxe1 Nxc3 39.Nxa5 Bxb5 40.Nb3 
Ne4 41.Nd2 Nc5 42.Nf3 Ne6 43.Kf2 h5 44.Ne3 f6 45.h3 Nf4 46.Kg3 Nd3 47.Nd4 
Bd7 48.h4 Nc5 49.Nd5 Ne6 50.Nxe6+ Bxe6 51.Nc3 g5 52.Ne2 Kg6 53.hxg5 fxg5 
54.Ng1 Bd5 55.Ne2 Kf5 56.Nd4+ Ke5 57.Ne2 Bb7 58.Ng1 Bd5 59.Ne2 Be6 60.Ng1 
Bg4 61.Kf2 Ke4 62.Kf1 Kf4 63.Kf2 Ke4 64.Kf1 Ke3 65.Ke1 h4 66.Kf1 Bd1 67.
Nh3 g4 68.Nf2 Be2+ 69.Kg1 Kf4 70.Nh1 g3 71.Nxg3 Kxg3 0-1

[Event "53rd World U20 ch"]
[Site "Pune IND"]
[Date "2014.10.14"]
[Round "8.25"]
[White "Praneeth Surya, K."]
[Black "Repka, Christopher"]
[Result "0-1"]
[WhiteElo "2251"]
[BlackElo "2418"]
[EventDate "2014.10.06"]
[PlyCount "84"]

1.e4 e6 2.d4 d5 3.Nc3 h6 4.Nf3 Nf6 5.Bd3 Bb4 6.e5 Ne4 7.Bd2 Nxd2 8.Qxd2 c5
9.a3 Qa5 10.O-O Bxc3 11.bxc3 Nc6 12.dxc5 Qxc5 13.a4 O-O 14.Rae1 Bd7 15.Re3
f5 16.exf6 Rxf6 17.Bb5 Raf8 18.Nd4 Qd6 19.Bxc6 bxc6 20.Qe2 c5 21.Nb5 Qa6 
22.c4 d4 23.Rb3 Qa5 24.Ra3 Bc6 25.Raa1 a6 26.Nd6 Qc3 27.f3 Rd8 28.Ne4 Bxe4
29.fxe4 Rdf8 30.Qd3 Rxf1+ 31.Rxf1 Rxf1+ 32.Kxf1 Qa1+ 33.Kf2 Qxa4 34.e5 Qb4
35.Qg6 Qd2+ 36.Kf1 Qf4+ 37.Ke2 Qxe5+ 38.Kd1 Qf5 39.Qe8+ Kh7 40.Qa8 d3 41.
cxd3 Qxd3+ 42.Ke1 Qxc4 0-1

[Event "53rd World U20 ch"]
[Site "Pune IND"]
[Date "2014.10.14"]
[Round "8.27"]
[White "Arat, Ufuk Sezen"]
[Black "Mohammad, Ashraf"]
[Result "1-0"]
[WhiteElo "2357"]
[BlackElo "2132"]
[EventDate "2014.10.06"]
[PlyCount "67"]

1.d4 Nf6 2.Nf3 e6 3.Nbd2 c5 4.c3 b6 5.e4 cxd4 6.cxd4 Bb7 7.Bd3 Nc6 8.a3 
Be7 9.O-O d6 10.b4 O-O 11.Re1 Re8 12.Nf1 Rc8 13.Ng3 a6 14.h4 b5 15.Qe2 Nd7
16.h5 Bf6 17.Bb2 g6 18.hxg6 hxg6 19.Rad1 Bg7 20.Bb1 Nb6 21.e5 Ne7 22.Ne4 
Bxe4 23.Qxe4 Ned5 24.Qg4 Nc3 25.Bxc3 Rxc3 26.Ng5 d5 27.Re3 Rxe3 28.fxe3 
Nd7 29.Nxf7 Kxf7 30.Qxg6+ Kg8 31.Qh7+ Kf8 32.Rf1+ Bf6 33.Bg6 Qe7 34.Qh8# 
1-0

[Event "53rd World U20 ch"]
[Site "Pune IND"]
[Date "2014.10.14"]
[Round "8.28"]
[White "Koksal, Ege"]
[Black "Yogit, S."]
[Result "1-0"]
[WhiteElo "2321"]
[BlackElo "1954"]
[EventDate "2014.10.06"]
[PlyCount "71"]

1.c4 Nf6 2.Nc3 e6 3.e4 d6 4.d4 Be7 5.Nf3 O-O 6.Bd3 c5 7.dxc5 dxc5 8.e5 
Nfd7 9.h4 f5 10.exf6 Nxf6 11.Bg5 Nc6 12.Qe2 Nd4 13.Qe3 Nxf3+ 14.Qxf3 Bd7 
15.O-O-O Bc6 16.Qe2 Qc8 17.f3 Rf7 18.Bc2 Nh5 19.Bxe7 Rxe7 20.Qe5 Qe8 21.
Rhe1 Rc8 22.Nd5 Bxd5 23.cxd5 Nf6 24.dxe6 Rc6 25.Ba4 Rexe6 26.Bxc6 Rxe5 27.
Bxe8 Rxe8 28.Rxe8+ Nxe8 29.Rd7 b6 30.Rxa7 Nf6 31.Rc7 Nd5 32.Rc6 Kf7 33.Rd6
Nf4 34.Rxb6 Nxg2 35.a4 Nxh4 36.a5 1-0

[Event "53rd World U20 ch"]
[Site "Pune IND"]
[Date "2014.10.14"]
[Round "8.29"]
[White "Ganesh, R."]
[Black "Beradze, Irakli"]
[Result "0-1"]
[WhiteElo "2030"]
[BlackElo "2318"]
[EventDate "2014.10.06"]
[PlyCount "98"]

1.d4 Nf6 2.c4 g6 3.Nc3 Bg7 4.e4 d6 5.Nf3 O-O 6.Be2 e5 7.O-O exd4 8.Nxd4 
Re8 9.f3 c6 10.Bg5 h6 11.Bh4 Nbd7 12.Kh1 Ne5 13.Qc2 Qc7 14.Rad1 a6 15.f4 
Neg4 16.Qd3 b5 17.cxb5 axb5 18.h3 b4 19.Ncb5 cxb5 20.Nxb5 Qc5 21.hxg4 Bxg4
22.Nxd6 Qh5 23.Bxg4 Nxg4 24.Qh3 Rf8 25.Rd2 Rxa2 26.Be7 Qxh3+ 27.gxh3 Ne3 
28.Rb1 Rfa8 29.e5 Ra1 30.Rg1 Bf8 31.Bxf8 Kxf8 32.Rd3 Nc2 33.Ne4 Ke7 34.Nf6
Ke6 35.Kh2 Kf5 36.Rxa1 Rxa1 37.Ng4 h5 38.Nh6+ Ke4 39.Rb3 Ra7 40.Kg3 Rb7 
41.Ng8 Ne1 42.Nf6+ Kd4 43.Ne8 Nd3 44.Nd6 Rd7 45.Kh4 f6 46.Kg3 fxe5 47.fxe5
Re7 48.Rxd3+ Kxd3 49.Kf4 Kd4 0-1

[Event "53rd World U20 ch"]
[Site "Pune IND"]
[Date "2014.10.14"]
[Round "8.30"]
[White "Idani, Pouya"]
[Black "Megalios, Konstantinos"]
[Result "1-0"]
[WhiteElo "2517"]
[BlackElo "2196"]
[EventDate "2014.10.06"]
[PlyCount "113"]

1.Nf3 Nf6 2.c4 e6 3.g3 a6 4.Nc3 d5 5.cxd5 exd5 6.d4 Bd6 7.Bg2 O-O 8.O-O 
Re8 9.Bf4 Bxf4 10.gxf4 Nbd7 11.Ne5 Nf8 12.f3 Ne6 13.e3 c5 14.dxc5 Nxc5 15.
Qd2 Be6 16.Ne2 Qd6 17.Nd4 Rad8 18.Rac1 Qb6 19.Rc2 Bc8 20.Rfc1 Ne6 21.Rd1 
Bd7 22.Rc3 Rc8 23.Nxd7 Nxd7 24.Rb3 Qc7 25.Nxe6 fxe6 26.f5 Nc5 27.Rc3 Qd7 
28.f4 exf5 29.Qxd5+ Qxd5 30.Bxd5+ Kf8 31.b4 Ne4 32.Rxc8 Rxc8 33.Bxb7 Rc2 
34.a4 Ra2 35.a5 Nc3 36.Rd3 Ne4 37.Bxe4 fxe4 38.Rd4 Rb2 39.Rxe4 Kf7 40.Rc4 
h6 41.Rc6 Rxb4 42.Rxa6 Rb2 43.Rb6 Re2 44.Rb3 Ra2 45.Rb5 Kf6 46.h4 Re2 47.
Re5 g6 48.e4 Ra2 49.h5 gxh5 50.Rxh5 Kg6 51.Rb5 Ra4 52.Re5 Ra2 53.Re6+ Kf7 
54.Rxh6 Ra4 55.a6 Rxe4 56.a7 Ra4 57.Rh8 1-0

[Event "53rd World U20 ch"]
[Site "Pune IND"]
[Date "2014.10.14"]
[Round "8.31"]
[White "Sahoo, Utkal Ranjan"]
[Black "Deac, Bogdan-Daniel"]
[Result "1-0"]
[WhiteElo "2170"]
[BlackElo "2402"]
[EventDate "2014.10.06"]
[PlyCount "127"]

1.d4 Nf6 2.Nf3 b6 3.c4 Bb7 4.Nc3 e6 5.Bg5 h6 6.Bh4 Bb4 7.e3 g5 8.Bg3 Ne4 
9.Qc2 Nxg3 10.hxg3 Bf8 11.Bd3 Bg7 12.O-O-O Nc6 13.Be4 g4 14.Ne1 Qg5 15.d5 
Nb4 16.Qa4 exd5 17.Nxd5 Nxd5 18.Bxd5 Qf6 19.Qc2 c6 20.Be4 h5 21.Kb1 O-O-O 
22.Nd3 Rde8 23.f3 Qg5 24.Nf4 gxf3 25.gxf3 Be5 26.Bf5 Rd8 27.Qe4 Bc7 28.
Rxd7 Rxd7 29.Rd1 Kb8 30.Rxd7 Qf6 31.Rd1 a5 32.Bh3 Qg5 33.Rd7 Rd8 34.Rxd8+ 
Qxd8 35.Qd4 Qxd4 36.exd4 h4 37.Ne2 Bxg3 38.Kc2 Bd6 39.Kd3 Kc7 40.Ke4 Kd8 
41.f4 Ba6 42.b3 Ba3 43.Ng1 b5 44.c5 Bc8 45.f5 f6 46.Nf3 Bd7 47.Nxh4 Be8 
48.Ng6 Bc1 49.Bg2 Bf7 50.Kd3 Kd7 51.Nf8+ Ke7 52.Ne6 Be8 53.Bf3 Bb2 54.Nf4 
Bd7 55.Ke4 Ba3 56.Bh5 Bc8 57.Ng6+ Kd8 58.Nf8 Ke7 59.Ne6 Bd7 60.Bg4 Be8 61.
d5 Kd7 62.Bf3 Bf7 63.dxc6+ Kc8 64.Kd5 1-0

[Event "53rd World U20 ch"]
[Site "Pune IND"]
[Date "2014.10.14"]
[Round "8.32"]
[White "Muthaiah, A. L."]
[Black "Vignesh, N. R."]
[Result "1/2-1/2"]
[WhiteElo "2215"]
[BlackElo "2360"]
[EventDate "2014.10.06"]
[PlyCount "148"]

1.d4 f5 2.e4 fxe4 3.Nc3 Nf6 4.Bg5 e6 5.Bxf6 Qxf6 6.Nxe4 Qh6 7.Bd3 d5 8.Ng3
Bd6 9.Nf3 O-O 10.O-O Nc6 11.Re1 Bd7 12.Bb5 Rf4 13.Bxc6 Bxc6 14.Qe2 Re8 15.
c3 Bd7 16.Ne5 Bc8 17.Qe3 Ref8 18.f3 Qh4 19.Nf1 R4f5 20.Qf2 Qd8 21.Ng3 R5f6
22.b4 Bd7 23.a4 Be8 24.Ng4 Rf4 25.Qe3 h5 26.Ne5 h4 27.Ne2 R4f5 28.h3 Bh5 
29.Ng4 Qe7 30.Nc1 Bxg4 31.hxg4 R5f6 32.Nd3 h3 33.Rf1 Rh6 34.g5 Bf4 35.Nxf4
Qxg5 36.Kf2 Rxf4 37.g3 Rf5 38.Qxg5 Rxg5 39.Rae1 Rf5 40.g4 Rf8 41.Kg3 Kf7 
42.Rh1 Rd8 43.Rxh3 Rxh3+ 44.Kxh3 Rd6 45.b5 Rb6 46.Rb1 c6 47.Rb4 Kf6 48.f4 
a6 49.bxa6 Rxa6 50.Rxb7 Rxa4 51.g5+ Kg6 52.Kg4 Ra1 53.Rc7 Rg1+ 54.Kf3 Rf1+
55.Kg3 Rg1+ 56.Kf2 Rc1 57.Rxc6 Kf5 58.Ke3 Re1+ 59.Kd2 Rg1 60.Rc7 Kxf4 61.
Rxg7 Ke4 62.Kc2 e5 63.dxe5 Kxe5 64.g6 Kf6 65.Rd7 Ke6 66.Rg7 Kf6 67.Rd7 Ke6
68.Ra7 Rxg6 69.Ra6+ Kf5 70.Rxg6 Kxg6 71.Kd3 Kf5 72.Kd4 Ke6 73.c4 dxc4 74.
Kxc4 Ke5 1/2-1/2

[Event "53rd World U20 ch"]
[Site "Pune IND"]
[Date "2014.10.14"]
[Round "8.33"]
[White "Sidhant, Mohapatra"]
[Black "Rakesh, Kumar Jena"]
[Result "1/2-1/2"]
[WhiteElo "2382"]
[BlackElo "2164"]
[EventDate "2014.10.06"]
[PlyCount "101"]

1.d4 e6 2.g3 f5 3.Bg2 Nf6 4.c4 d5 5.Nh3 c5 6.cxd5 Nxd5 7.O-O cxd4 8.Qxd4 
Nc6 9.Qa4 Be7 10.Nc3 Nxc3 11.bxc3 O-O 12.Rd1 Qe8 13.e4 fxe4 14.Ng5 Qh5 15.
Nxe4 Ne5 16.Qd4 Ng4 17.h4 Nxf2 18.Rf1 Nxe4 19.Rxf8+ Bxf8 20.Qxe4 Bd6 21.
Qd3 Qc5+ 22.Be3 Qc7 23.Bf2 e5 24.Rd1 Be7 25.Be4 Bg4 26.Rb1 Rd8 27.Rxb7 
Rxd3 28.Rxc7 Rd1+ 29.Kg2 Bd6 30.Rxa7 Rd2 31.Ra5 Re2 32.Bd3 Rb2 33.Rb5 Rxb5
34.Bxb5 Ba3 35.Bc4+ Kf8 36.Bb6 Ke7 37.Bc7 e4 38.Bb6 Be6 39.Bb3 Kd6 40.Bd4 
g6 41.Bxe6 Kxe6 42.c4 Kf5 43.Kf2 h5 44.Ke2 g5 45.hxg5 Kxg5 46.c5 Kf5 47.c6
Bd6 48.Bb6 Bxg3 49.a4 Ke6 50.a5 Kd5 51.c7 1/2-1/2

[Event "53rd World U20 ch"]
[Site "Pune IND"]
[Date "2014.10.14"]
[Round "8.34"]
[White "Nasanjargal, Urtnasan"]
[Black "Sai Vishwesh, Chandrakaladaran"]
[Result "1-0"]
[WhiteElo "2330"]
[BlackElo "2151"]
[EventDate "2014.10.06"]
[PlyCount "155"]

1.d4 Nf6 2.c4 c5 3.d5 b5 4.cxb5 a6 5.b6 Qxb6 6.Nc3 d6 7.Nf3 g6 8.Nd2 Bg7 
9.e4 O-O 10.Nc4 Qc7 11.Be2 Nbd7 12.O-O Rb8 13.Qc2 a5 14.Ne3 Qb6 15.Nb5 Ne5
16.a4 Nfg4 17.h3 Nxe3 18.Bxe3 f5 19.f4 Nd7 20.exf5 Rxf5 21.Rad1 Rf7 22.Bg4
Nf8 23.Bxc8 Rxc8 24.b3 Nd7 25.Na3 Rb8 26.Rd3 Qa6 27.Qc4 Qa8 28.Nb5 Rbf8 
29.Qe4 Qb7 30.Re1 Kh8 31.g3 g5 32.Rdd1 gxf4 33.Bxf4 Ne5 34.Rf1 Qd7 35.Qg2 
Ng6 36.Bd2 Be5 37.Bxa5 Rxf1+ 38.Rxf1 Rxf1+ 39.Qxf1 Bxg3 40.Bc3+ Kg8 41.Qg2
Be5 42.Qg4 Qd8 43.Bd2 Qa8 44.Qe6+ Kg7 45.h4 Bf6 46.h5 Ne5 47.h6+ Kg6 48.
Kg2 Qb7 49.Kf1 Qa8 50.Kg2 Qb7 51.Qg8+ Kh5 52.Kh3 Qd7+ 53.Qe6 Kg6 54.Qxd7 
Nxd7 55.a5 Nb8 56.Nc7 Kf5 57.a6 Nxa6 58.Nxa6 Ke4 59.Nc7 Kd3 60.Bf4 Kc3 61.
Ne6 Kxb3 62.Nf8 Kc4 63.Nxh7 Bh8 64.Kg4 Kxd5 65.Ng5 c4 66.Kf5 c3 67.Ne6 c2 
68.Ng7 e5 69.Bc1 Kd4 70.Kg6 e4 71.Kh7 Kd3 72.Kxh8 e3 73.Nh5 Ke4 74.h7 e2 
75.Ng3+ Kf3 76.Nxe2 Kxe2 77.Kg7 Kd1 78.Bf4 1-0

[Event "53rd World U20 ch"]
[Site "Pune IND"]
[Date "2014.10.14"]
[Round "8.35"]
[White "Vokhidov, Shamsiddin"]
[Black "Kozganbay, Erkin"]
[Result "1/2-1/2"]
[WhiteElo "2119"]
[BlackElo "2328"]
[EventDate "2014.10.06"]
[PlyCount "113"]

1.e4 e5 2.Nf3 Nc6 3.Bb5 a6 4.Ba4 Nge7 5.c3 g6 6.d4 exd4 7.cxd4 b5 8.Bb3 
Bg7 9.O-O O-O 10.Nc3 Na5 11.Bc2 d6 12.h3 c5 13.Bf4 Nc4 14.b3 Na3 15.Bd3 
Bb7 16.Rc1 Rc8 17.Qd2 cxd4 18.Ne2 Nc6 19.Bh6 Bxh6 20.Qxh6 Qf6 21.Qd2 b4 
22.Nh2 Ne5 23.Ng4 Nxg4 24.hxg4 a5 25.g5 Qg7 26.f4 Rfe8 27.Rxc8 Rxc8 28.Rc1
Rc5 29.Kf2 f6 30.Rxc5 dxc5 31.Qc1 c4 32.Bxc4+ Nxc4 33.Qxc4+ Qf7 34.Qxd4 
fxg5 35.Qd8+ Qf8 36.Qxg5 Bxe4 37.Qxa5 Qd6 38.Qe5 Qxe5 39.fxe5 Kf7 40.Ke3 
Bxg2 41.Nf4 Bf1 42.Kf2 Ba6 43.Nd5 Bb7 44.Nxb4 Ke6 45.Nd3 Be4 46.Nc5+ Kxe5 
47.Nxe4 Kxe4 48.a4 Kd5 49.Kg3 Kc5 50.a5 Kb5 51.b4 h5 52.Kh4 Ka6 53.Kg5 Kb5
54.Kh4 Ka6 55.Kg5 Kb5 56.Kh4 Ka6 57.Kg5 1/2-1/2

[Event "53rd World U20 ch"]
[Site "Pune IND"]
[Date "2014.10.14"]
[Round "8.36"]
[White "Gajwa, Ankit"]
[Black "Lokesh, P."]
[Result "1-0"]
[WhiteElo "2110"]
[BlackElo "2303"]
[EventDate "2014.10.06"]
[PlyCount "59"]

1.e4 c5 2.Nf3 d6 3.d4 cxd4 4.Nxd4 Nf6 5.Nc3 g6 6.Be3 Bg7 7.f3 O-O 8.Qd2 
Nc6 9.Bc4 Bd7 10.Bb3 Rc8 11.O-O-O Ne5 12.Kb1 Re8 13.h4 h5 14.g4 hxg4 15.h5
Nxh5 16.Bh6 e6 17.Rdg1 Qf6 18.fxg4 Bxh6 19.Qxh6 Qg7 20.Qd2 Nf6 21.g5 Nh5 
22.Nce2 Nc4 23.Bxc4 Rxc4 24.b3 Rc5 25.Ng3 Nxg3 26.Rxg3 Rec8 27.Rgh3 f5 28.
Qh2 Qxd4 29.Rh8+ Kf7 30.Qh7+ 1-0

[Event "53rd World U20 ch"]
[Site "Pune IND"]
[Date "2014.10.14"]
[Round "8.37"]
[White "Visakh, N. R."]
[Black "Nazario, Marc Christian"]
[Result "1-0"]
[WhiteElo "2300"]
[BlackElo "2029"]
[EventDate "2014.10.06"]
[PlyCount "107"]

1.d4 Nf6 2.Nf3 g6 3.g3 Bg7 4.Bg2 O-O 5.O-O d6 6.c4 Nc6 7.Nc3 a6 8.Qd3 Bd7 
9.d5 Nb4 10.Qd1 a5 11.e4 c6 12.Nd4 cxd5 13.cxd5 Ng4 14.h3 Ne5 15.a3 Nbd3 
16.Rb1 Nxc1 17.Qxc1 Qb6 18.Nde2 Rfc8 19.Qc2 Nc4 20.Rfd1 a4 21.Bf1 Qa5 22.
Rdc1 b5 23.Ra1 b4 24.axb4 Qxb4 25.Ra2 Rab8 26.Rb1 f5 27.Bg2 Rb7 28.h4 Qb3 
29.Qc1 h6 30.Bh3 Ne5 31.Ra3 Qb4 32.Qd1 Nc4 33.Ra2 Qb3 34.Qc1 Rcb8 35.Kg2 
e5 36.h5 Rf8 37.hxg6 fxe4 38.Bxd7 Rxd7 39.Rxa4 e3 40.fxe3 e4 41.Rba1 Rdd8 
42.R1a2 Rb8 43.Nf4 Nxb2 44.R4a3 Qb4 45.Qxb2 Qxb2+ 46.Rxb2 Rxb2+ 47.Kh3 Rb4
48.Ne6 Re8 49.Ne2 Bb2 50.Ra7 Rb3 51.N2d4 Ra3 52.Rg7+ Kh8 53.Rh7+ Kg8 54.
Nf5 1-0

[Event "53rd World U20 ch"]
[Site "Pune IND"]
[Date "2014.10.14"]
[Round "8.38"]
[White "Swain, Ashirwad"]
[Black "Kumaran, Balaji"]
[Result "0-1"]
[WhiteElo "1998"]
[BlackElo "2239"]
[EventDate "2014.10.06"]
[PlyCount "88"]

1.e4 c5 2.Nf3 Nc6 3.d4 cxd4 4.Nxd4 e5 5.Nb5 Nf6 6.N1c3 d6 7.Bg5 a6 8.Na3 
b5 9.Bxf6 gxf6 10.Nd5 f5 11.c4 b4 12.Qa4 Bd7 13.Nb5 axb5 14.Qxa8 Qxa8 15.
Nc7+ Kd8 16.Nxa8 Nd4 17.Kd1 fxe4 18.h3 bxc4 19.Bxc4 Rg8 20.g4 Rg6 21.Nb6 
Rf6 22.Nxd7 Kxd7 23.a4 Rxf2 24.Rf1 Rxf1+ 25.Bxf1 Nb3 26.Ra2 Na5 27.Ra1 Bh6
28.Bb5+ Kc7 29.Ke2 d5 30.h4 Bf4 31.g5 Nb3 32.Rd1 Nd4+ 33.Kf1 Nxb5 34.axb5 
d4 35.Re1 e3 36.Ke2 e4 37.Rg1 d3+ 38.Ke1 Be5 39.Rg4 Bxb2 40.Rxe4 Bc3+ 41.
Kf1 e2+ 42.Kf2 e1=Q+ 43.Rxe1 Bxe1+ 44.Kxe1 b3 0-1

[Event "53rd World U20 ch"]
[Site "Pune IND"]
[Date "2014.10.14"]
[Round "8.39"]
[White "Viani D`Cunha, Antonio"]
[Black "Shailesh, Dravid"]
[Result "0-1"]
[WhiteElo "2257"]
[BlackElo "2074"]
[EventDate "2014.10.06"]
[PlyCount "88"]

1.e4 e6 2.d4 d5 3.e5 c5 4.c3 Bd7 5.Nf3 a6 6.Bd3 cxd4 7.cxd4 Bb5 8.O-O Nc6 
9.Nc3 Bxd3 10.Qxd3 Nge7 11.a3 Ng6 12.g3 Be7 13.h4 Nf8 14.b4 Nd7 15.b5 axb5
16.Nxb5 h6 17.Bf4 O-O 18.Rfc1 Nb6 19.Nd2 Na5 20.Rc7 Rc8 21.Rxc8 Qxc8 22.
Nb3 Nxb3 23.Qxb3 Nc4 24.a4 f6 25.exf6 Bxf6 26.Nd6 Nxd6 27.Bxd6 Bxd4 28.
Bxf8 Bxa1 29.Ba3 Qc3 30.Qa2 Qe1+ 31.Kg2 Bd4 32.Qc2 Qc3 33.Qe2 e5 34.Bd6 
Qc4 35.Qg4 Qc2 36.Qe6+ Kh7 37.Qf7 Qe4+ 38.f3 Qe2+ 39.Kh3 Qf1+ 40.Kg4 e4 
41.Bf4 exf3 42.Kh5 Qd3 43.Bxh6 f2 44.Bxg7 Bxg7 0-1

[Event "53rd World U20 ch"]
[Site "Pune IND"]
[Date "2014.10.14"]
[Round "8.40"]
[White "Sudarshan, Malga"]
[Black "Prasannaa, S."]
[Result "0-1"]
[WhiteElo "2007"]
[BlackElo "2232"]
[EventDate "2014.10.06"]
[PlyCount "192"]

1.c4 e6 2.e4 d5 3.cxd5 exd5 4.exd5 Nf6 5.Nc3 Be7 6.Nf3 O-O 7.d4 Bg4 8.Be2 
Nbd7 9.h3 Bxf3 10.Bxf3 Nb6 11.O-O Bb4 12.Bg5 h6 13.Bh4 g5 14.Bg3 Bd6 15.
Be5 Re8 16.Re1 Nc4 17.Bxd6 Rxe1+ 18.Qxe1 cxd6 19.Qe2 Nb6 20.Re1 Kf8 21.Qb5
a6 22.Qb3 Qc7 23.Rc1 Nc8 24.Rc2 Qd7 25.Ne4 Nxe4 26.Bxe4 Ne7 27.Qf3 Kg7 28.
Bd3 Rc8 29.Qe4 Ng6 30.Re2 Qd8 31.Qf5 Rc1+ 32.Kh2 Rd1 33.a3 Qc7 34.Rc2 Qb6 
35.Qe4 Qb3 36.Rc3 Qxb2 37.Rc7 Rxd3 38.Qxd3 Qxf2 39.Qf3 Qxf3 40.gxf3 Nh4 
41.Kg3 Nf5+ 42.Kf2 b5 43.Rc6 a5 44.Ra6 Kf6 45.Rxa5 Nxd4 46.a4 bxa4 47.Rxa4
Ke5 48.Ke3 Nf5+ 49.Kd3 Kxd5 50.Ra5+ Ke6 51.f4 f6 52.Ke4 d5+ 53.Rxd5 Ng3+ 
54.Kd4 Ne2+ 55.Kc4 Nxf4 56.Ra5 Nxh3 57.Kd4 Nf2 58.Ke3 Ng4+ 59.Ke4 f5+ 60.
Kd4 f4 61.Ke4 Nf6+ 62.Kf3 Nd7 63.Ke4 Nf6+ 64.Kf3 Kd6 65.Rf5 Ke6 66.Ra5 Ne8
67.Kg4 Nd6 68.Kf3 Nc4 69.Rc5 Nd2+ 70.Ke2 Nb3 71.Rc6+ Kf5 72.Rxh6 Nd4+ 73.
Kf2 Kg4 74.Rh1 Nf5 75.Rg1+ Ng3 76.Rg2 Kh3 77.Rg1 g4 78.Ra1 Ne4+ 79.Kg1 Kg3
80.Ra4 Ng5 81.Ra2 Nf3+ 82.Kf1 Kh3 83.Ra3 Kg3 84.Ra2 Nd4 85.Ra4 Nf5 86.Ra2 
f3 87.Kg1 Ne3 88.Rh2 Nd1 89.Rg2+ Kf4 90.Ra2 g3 91.Ra4+ Ke3 92.Ra3+ Ke2 93.
Ra2+ Ke1 94.Rg2 f2+ 95.Kh1 f1=Q+ 96.Rg1 Nf2# 0-1

[Event "53rd World U20 ch"]
[Site "Pune IND"]
[Date "2014.10.14"]
[Round "8.41"]
[White "Gahwiler, Gabriel"]
[Black "Sammed Jaykumar, Shete"]
[Result "1/2-1/2"]
[WhiteElo "2360"]
[BlackElo "2139"]
[EventDate "2014.10.06"]
[PlyCount "167"]

1.d4 d5 2.c4 e6 3.Nf3 Nf6 4.g3 c6 5.Bg2 Bd6 6.O-O O-O 7.Bg5 h6 8.Bxf6 Qxf6
9.Nc3 Qe7 10.e4 dxc4 11.e5 Bc7 12.Nd2 b6 13.Re1 Ba6 14.a4 Rd8 15.Qg4 Qg5 
16.Qe2 Qe7 17.Qg4 Qg5 18.Qe2 Qe7 19.Qe3 Qd7 20.Nf3 Bb7 21.Ne4 Qe7 22.Nfd2 
Na6 23.Nxc4 Nb4 24.Rac1 Ba6 25.Ncd6 Bd3 26.Red1 Bxe4 27.Nxe4 Rac8 28.h4 
Rd7 29.Rd2 Rcd8 30.Rcd1 Nd5 31.Qb3 c5 32.dxc5 bxc5 33.Qb5 Bxe5 34.Nxc5 Rc7
35.Na6 Rb7 36.Qe2 Qf6 37.Bxd5 Rxd5 38.Nc5 Rxb2 39.Rxb2 Rxd1+ 40.Qxd1 Bxb2 
41.Qd7 Bd4 42.Nd3 e5 43.Kg2 Kh7 44.f4 exf4 45.Nxf4 g6 46.h5 g5 47.Nd3 Kg7 
48.Qd5 Be3 49.Qe4 Bb6 50.Qd5 Qc3 51.Kf3 Bd4 52.Ke4 Bf6 53.Qc5 Qd2 54.Qf2 
Qd1 55.Qxa7 Qg4+ 56.Ke3 Qxg3+ 57.Kd2 g4 58.Qf2 Qh3 59.Qf5 Qg2+ 60.Kd1 g3 
61.Ne1 Qf2 62.Qd5 Bc3 63.Ng2 Qf1+ 64.Kc2 Bf6 65.Ne3 Qe2+ 66.Qd2 Qxh5 67.
Qd3 Qc5+ 68.Kd1 Kf8 69.Qe4 Qd4+ 70.Qxd4 Bxd4 71.Ng2 Kg7 72.Ke2 Kf6 73.Kf3 
Bf2 74.Nf4 Ke5 75.Nh5 Kd5 76.a5 Kc6 77.Ng7 Kb5 78.Nf5 h5 79.Ng7 h4 80.Nf5 
Kxa5 81.Nxh4 Kb4 82.Nf5 Kc5 83.Nxg3 Bxg3 84.Kxg3 1/2-1/2

[Event "53rd World U20 ch"]
[Site "Pune IND"]
[Date "2014.10.14"]
[Round "8.42"]
[White "Siva, Mahadevan"]
[Black "Von Meijenfeldt, Bart"]
[Result "0-1"]
[WhiteElo "2141"]
[BlackElo "2354"]
[EventDate "2014.10.06"]
[PlyCount "120"]

1.e4 c5 2.Nf3 d6 3.d4 cxd4 4.Nxd4 Nf6 5.Nc3 a6 6.Bg5 e6 7.f4 Qc7 8.Qf3 b5 
9.Bxf6 gxf6 10.a3 Nc6 11.Nxc6 Qxc6 12.f5 Be7 13.Bd3 Qc5 14.a4 Rb8 15.axb5 
axb5 16.Ra5 Bd7 17.Kd2 Bd8 18.Ra6 Qe5 19.Qg3 b4 20.Ne2 Bb6 21.fxe6 fxe6 
22.Rha1 Qxg3 23.hxg3 Ke7 24.Rh1 Bc5 25.Raa1 Rbg8 26.Raf1 Rg7 27.Rh6 Rf8 
28.Rfh1 Rff7 29.Bc4 Bc6 30.R1h4 Bf2 31.Bd3 Bxg3 32.Nxg3 Rxg3 33.Rxh7 Rxg2+
34.Ke3 Rgg7 35.Rxg7 Rxg7 36.Rh8 d5 37.exd5 Bxd5 38.Rh4 b3 39.cxb3 Rg3+ 40.
Kd4 Bxb3 41.Bc4 Kd6 42.Bxb3 Rxb3 43.Rh2 f5 44.Kc4 Rb8 45.Rd2+ Ke5 46.Re2+ 
Kf6 47.b4 f4 48.Rb2 Kf5 49.Kd3 e5 50.b5 e4+ 51.Ke2 Rh8 52.Rb3 f3+ 53.Kf2 
Rh2+ 54.Kg3 Rg2+ 55.Kh3 Rg8 56.b6 Kf4 57.Kh2 f2 58.Rb1 Kf3 59.Rb3+ e3 60.
Rxe3+ Kxe3 0-1